000 00953nam a22003017a 4500
003 CHAP
005 20220817042630.0
008 971013s1953 r 00010 d
010 _a50459
011 _a51431
035 _a55581
040 _cCHAP
082 _a634.956
_bV55
100 0 0 _aVillegas de la Vega, Roberto.
_9119750
245 _aRepoblaciones de eucalipto y pino insigne en el norte de España
260 _aMadrid :
_bEscuela Especial de Ingenieros de Montes,
_c1953
300 _a235 p.
_b: ilus.
590 _aBATCH-UPD
_b10
_c20130110
_lUCH01
_h0815
590 _aBATCH-UPD
_b10
_c20130410
_lUCH01
_h0452
590 _aBATCH-UPD
_b10
_c20130914
_lUCH01
_h1333
590 _aCONVERSION
_b10
_c20130109
_lUCH01
_h1327
650 1 4 _aEucalipto.
650 1 4 _aPináceas.
_988210
650 1 4 _aReforestación
_xEspaña.
_995489
901 _aBK
942 _cLIBRO
949 _a634.956 V55
_bBC
_cLIBRO
_d33724000901658
_eLIBRO
_h23808
_i55581
_si
999 _c50459
_d50459